Atención integrada a las enfermedades prevalentes de la infancia (Registro nro. 27977)

Detalles MARC
000 -CABECERA
Longitud fija campo de control 00935nam a22002297a 4500
003 - IDENTIFICADOR DELl NÚMERO DE CONTROL
Identificador del número de control OSt
005 - FECHA Y HORA DE LA ÚLTIMA TRANSACCIÓN
Fecha y hora de la última transacción 20180321144256.0
008 - CÓDIGOS DE INFORMACIÓN DE LONGITUD FIJA
Códigos de información de longitud fija 140828b2005 slv spa
040 ## - FUENTE DE LA CATALOGACIÓN
Centro transcriptor CRI
082 ## - NÚMERO DE LA CLASIFICACIÓN DECIMAL DEWEY
Númeroo de clasificación 613.0432
082 ## - NÚMERO DE LA CLASIFICACIÓN DECIMAL DEWEY
Númeroo de clasificación 618.9201
082 ## - NÚMERO DE LA CLASIFICACIÓN DECIMAL DEWEY
Númeroo de clasificación 618.92
110 1# - PUNTO DE ACCESO PRINCIPAL-NOMBRE DE ENTIDAD CORPORATIVA
9 (RLIN) 24635
Nombre de entidad corporativa o nombre de jurisdicción como elemento inicial El Salvador
Unidad subordinada Programa Nacional de Atención Integral en Salud a la Niñez
245 10 - MENCIÓN DE TÍTULO
Título Atención integrada a las enfermedades prevalentes de la infancia
Resto del título : curso para promotores(as) de salud, cuadro de procedimientos
Mención de responsabilidad, etc. Ministerio de Salud Pública y Asistencia Social, Unidad de Salud Comunitaria.
260 ## - PUBLICACIÓN, DISTRIBUCIÓN, ETC. (PIE DE IMPRENTA)
Lugar de publicación, distribución, etc. San Salvador
Nombre del editor, distribuidor, etc. AEIPI
Fecha de publicación, distribución, etc. 2007
300 ## - DESCRIPCIÓN FÍSICA
Extensión 1 folleto (69 p.)
Otras características físicas il.
Dimensiones 28 cm
597 ## - NOTA SOBRE ÁREA Y DESCRIPCIÓN FÍSICA
Nota sobre el área de descripción físic Ejemp. es fotocopia enc. en tapa plástica con anillar
650 24 - PUNTO DE ACCESO ADICIONAL DE MATERIA - TÉRMINO DE MATERIA
9 (RLIN) 5460
Término de materia o nombre geográfico como elemento inicial Niños
Subdivisión de materia general Salud e higiene
650 24 - PUNTO DE ACCESO ADICIONAL DE MATERIA - TÉRMINO DE MATERIA
9 (RLIN) 24027
Término de materia o nombre geográfico como elemento inicial Pediatría
710 1# - PUNTO DE ACCESO ADICIONAL - NOMBRE DE ENTIDAD
9 (RLIN) 24018
Nombre de entidad o nombre de jurisdicción como elemento inicial El Salvador
Unidad subordinada Ministerio de Salud Pública y Asistencia Social
942 ## - ENTRADA DE ELEMENTOS AGREGADOS (KOHA)
Fuente de clasificaión o esquema Dewey Decimal Classification
Koha [por defecto] tipo de item 1- Monografias
Parte de clasificación prozim
Existencias
Suprimido Perdido Fuente de clasificación o esquema Estropeado Restricciones de uso No para préstamo Código de colección Localización permanente Localización actual Localización en estanter&íacute;as Fecha adquisición Fuente de adquisición Número de inventario Préstamos totales Signatura completa Código de barras Fecha última consulta Fecha del precio de reemplazo Tipo de item de Koha
NULL NULL Dewey Decimal Classification NULL Prestable NULL NULL Biblioteca Centro Regional de Ilobasco Biblioteca Centro Regional de Ilobasco Sala Principal 16/06/2017 Donado por Tec. Ruth Verónica Zaveta docente de Turismo UNICAES CRI LI03557   613.0432 ATE 1041902 20/06/2017 20/06/2017 1- Monografias